Bài tập & bài giải kiểm toán đại cương

Wedi'i Gadw mewn:
Manylion Llyfryddiaeth
Prif Awdur:  Nguyễn Phú Cường
Fformat: Sách
Iaith:Undetermined
Cyhoeddwyd:  Giao thông Vận tải  2010
Pynciau:
Tagiau: Ychwanegu Tag
Dim Tagiau, Byddwch y cyntaf i dagio'r cofnod hwn!
Thư viện lưu trữ: Trung tâm Thư viện - Trường Đại học Công nghiệp TP. Hồ Chí Minh
LEADER 00539nam a2200157Ia 4500
001 UIH_03740
008 231011s9999 xx 000 0 und d
082 |a  657.45 
100 |a  Nguyễn Phú Cường 
245 0 |a  Bài tập & bài giải kiểm toán đại cương 
245 0 |c  Nguyễn Phú Cường 
260 |b  Giao thông Vận tải 
260 |c  2010 
650 |a  Kiểm toán;  
927 |a Sách 
980 |a Trung tâm Thư viện - Trường Đại học Công nghiệp TP. Hồ Chí Minh